000 00905cam8a220026500 4500
001 qce00910833
005 20190822125230.0
008 740910s1963 enk 000 0 eng u
035 _a(Sirsi) r96507
035 _a(QCAT)lss00643942
035 _a(UPRA)qce00910833
040 _dUPRA
050 0 _aZ696.D6
_bB7
110 2 _aBritish Standards Institution.
_6A3149.1
245 1 0 _aGuide to the Universal decimal classification (UDC).
260 _aLondon,
_c1963.
440 0 _aFID publication ;
_vno. 345
_6S6140.1
490 1 _aB[ritish] S[tandards Institution. Reports] ;
_v1000 C
650 0 _aClassification -- Books.
_xClassification -- Books.
_6S323.2
730 0 _aUniversal decimal classification.
830 0 _aB.S. (Series) ;
_v1000 C
_6S9060.1
949 _aZ696.D6
_wlcc
_mMAIN
_p2500
_tBOOK
_lON-SHELF
004 96507
987 _aHoldings : use?
_bonly copy on card marked missing.
999 _c136911
_d136911